000 00744cab a2200229 4500
001 WB3142-16
008 090401t1995 xxu||||| |||| 00| 0 eng d
035 _a(Sirsi) u21990
041 _aeng
245 _aStudy on secondary property market
260 _c1995
350 _a0
490 _aProperty Week
_v53(6) 9 November 1995, 9(1)
520 _aA study by Coopers & Lybrand reveals that owner-occupiers purchase 80% of secondary property.
650 _aCOOPERS AND LYBRAND
650 _aPROPERTY-COMMERCIAL PROPERTY-OFFICE PROPERTY-OFFICE PROPERTY MARKET
650 _aOWNER-OCCUPIERS
650 _aSECONDARY PROPERTY
690 _aPROPERTY-COMMERCIAL PROPERTY-COMMERCIAL PROPERTY MARKET
942 _n0
948 _c04/03/1997
999 _c14729
_d14729